| 000 | 00000nas##2200000za#4500 |
| 001 | 9.509108 |
| 003 | CaOODSP |
| 005 | 20200813121819 |
| 007 | ta |
| 008 | 150406c1991||||xxc|| m #||||f| |0eng|d |
| 022 | |a0828-2897 |
| 040 | |aCaOODSP|beng |
| 041 | |aeng |
| 041 | |afre |
| 043 | |an-cn--- |
| 086 | 1 |aCS50-002 |
| 245 | 00|aSurface and marine transport |
| 260 | |aOttawa - Ontario : |bStatistics Canada |
| 310 | |aIrregular |
| 500 | |aMotor carrier freight quarterly survey - large carriers, second quarter, 1992.--Motor carrier freight quarterly survey - all carriers, second quarter, 1992. |
| 563 | |aLoose-leaf |
| 710 | 2 |aStatistics Canada. |
| 776 | 0#|tTransport terrestre et maritime |w(CaOODSP)9.500116 |
| 776 | 0#|tSurface and marine transport |w(CaOODSP)9.815985 |
| 792 | |tTransports terrestre et maritime |efre|w(CaOODSP)9.509109 |